000
00200 a2200097 4500
001
2964
100
_a
Shafique Ali
245
_a
Two nation theory
260
_a
_b
Royal Books
_c
090
_c
2255
_d
2255
942
_a
NUST-CAE
_c
M
_c
13947
999
_c
238037
_d
238037